| 000 | 01496nam a2200313 a 4500 | ||
|---|---|---|---|
| 001 | BRCA_2376 | ||
| 005 | 20190320203800.0 | ||
| 008 | 071108s1928----sp-#---###---#000-0#spa-u | ||
| 041 | _aspa | ||
| 044 | _asp | ||
| 084 |
_a017 _b.M67 _c1928 F1608 |
||
| 100 | 1 |
_aCervantes Saavedra, Miguel de _d1547-1616 _9213 |
|
| 245 | 1 | 0 |
_aEl Ingenioso Hidalgo Don Quixote de la Mancha _ccompuesto por Miguel de Cervantes Saavedra. |
| 260 |
_aBarcelona _bMontaner y Simón _c1928 |
||
| 300 |
_a1 v. (sin paginación) _c24 cm. |
||
| 500 | _aContenido : Tasa. Privilegio de Castilla. Privilegio de Portugal. Dedicatoria del autor al Duque de Béjar. Prólogo del autor. Versos preliminares. Texto | ||
| 500 | _aFacsímil de : El ingenioso hidalgo Don Quixote de la Mancha. Madrid: Juan de la Cuesta, 1608 | ||
| 500 | _aFacsímil de la tercera edición de la primera parte de Cuesta. Publicado por Montaner y Simón, en Barcelona, el año de 1897. Ejemplar encuadernado en tela verde, igual al LO-016 Lúdovik Osterc | ||
| 500 | _aEstado físico : Encuadernación ligeramente desprendida | ||
| 500 | _aExistencias : Complementa al LO-029 | ||
| 500 | _aQMB136 | ||
| 650 | 1 | 4 |
_aNovela española _yÉpoca clásica, 1500-1700 _9215 |
| 650 | 1 | 4 |
_aLiteratura española _yÉpoca clásica, 1500-1700 _9216 |
| 650 | 1 | 4 |
_aNovela española _ySiglo XVII _9217 |
| 650 | 1 | 4 |
_aDon Quijote (Personaje ficticio) _eNovela _9218 |
| 740 | 0 | _aEl Ingenioso Hidalgo Don Quijote de la Mancha | |
| 902 | _aQFM | ||
| 942 |
_2lcc _cB |
||
| 999 |
_c2117 _d2117 |
||